Accuracy of tree marking and the expected damage on residual trees

Bibliographic Details
Main Author: Tengku Mohd Ridsuan bin Tengku Ibrahim
Format: Book
Published: Serdang, Selangor : Universiti Pertanian Malaysia , 2010
Subjects:

MARC

LEADER 00000cam a2200000 7i4500
001 0000003843
005 20110722.0
090 0 0 |a R THE 634.92   |b TMR 2010 
100 0 0 |a Tengku Mohd Ridsuan bin Tengku Ibrahim 
245 0 0 |a Accuracy of tree marking and the expected damage on residual trees   |c by Tengku Mohd Ridzuan bin Tengku Ibrahim 
260 0 0 |a Serdang, Selangor :   |b Universiti Pertanian Malaysia ,   |c 2010 
300 |a xi, 67 p. :   |b .ill ;   |c 30 cm. 
500 0 0 |a Bibliography : p. 55-56 
500 0 0 |a Thesis: Bac. of Forestry Science, Universiti Pertanian Malaysia (2010) 
650 0 0 |a Tree marking 
998 |a JPSM 
999 |a 007659   |b Thesis   |c Reference   |e Default branch